00423pam a2200157a 44500008004100000020002400041082001500065100002400080245005200104250001300156260003200169300001000201700002400211906001100235999001900246230405s2004 xxu||||| |||| 00| 0 eng d a8180612686cRs. 217 a616.5bSEH aSehgal, Virendra N. aDiagnosis and Treatment of Common Skin Diseases a2 nd Ed. aNew DelhibJaypee Pubc2004 a252 p aSrivastava, Govind  a001029 c249794d249794